000 00270nam a2200121Ia 4500
005 20251222141917.0
008 251222s9999||||xx |||||||||||||| ||spa||
082 _a268.3/V83
100 _aVoillaume, René
245 0 _aContemplación
264 _bPaulinas
942 _cLIB
999 _c8589
_d8589